Countries and Capitals by letter-A - Statistics

General Stats
  • This quiz has been taken 52 times
  • The average score is 17 of 27
Answer Stats
Continent Answer % Correct
Europe Andorra
90%
Europe Austria
90%
Europe Albania
87%
Asia Armenia
87%
Asia Afghanistan
85%
South America Argentina
85%
Oceania Australia
85%
Africa Algeria
79%
Africa Angola
79%
Asia Astana
72%
Europe Andorra la Vella
69%
North America Antigua and Barbuda
67%
Europe Athens
67%
Asia Amman
64%
Europe Amsterdam
64%
Africa Addis Ababa
62%
Oceania Apia
62%
South America Asuncion
62%
Africa Antananarivo
56%
Asia Ashgabat
54%
Asia Abu Dhabi
51%
Africa Abuja
51%
Africa Asmara
51%
Asia Ankara
49%
Asia Azerbajan
23%
Africa Algeirs
15%
Africa Acrra
8%
No matching quizzes found
Score Distribution
Percent of People with Each Score
Percentile by Number Answered
Your Score History
You have not taken this quiz